[Event "NH Chess Toernament 2007 "]
[Site "Amsterdam NED"]
[Date "2007.08.22"]
[Round "1.5"]
[White "Ljubojevic, Ljubomir"]
[Black "Karjakin, Sergey"]
[Result "1/2-1/2"]
[WhiteElo "2550"]
[BlackElo "2678"]
[PlyCount "41"]
[EventDate "2007.08.22"]
[EventType "schev"]
[EventRounds "10"]
[EventCountry "NED"]
[Source "lmi"]
[SourceDate "2007.08.22"]
[WhiteTeam "NL"]
[BlackTeam "NL"]

1. c4 e5 2. Nc3 Nf6 3. g3 d5 4. cxd5 Nxd5 5. Bg2 Nb6 6. Nf3 Nc6 7. O-O Be7 8.
a3 O-O 9. b4 Be6 10. d3 f6 11. Bb2 a5 12. b5 Nd4 13. Nd2 c6 14. bxc6 Nxc6 15.
Rb1 a4 16. Bc1 Qc7 17. Nc4 Nxc4 18. Nd5 Bxd5 19. Bxd5+ Kh8 20. dxc4 Bc5 21. Rb5
1/2-1/2

[Event "NH Chess Toernament 2007 "]
[Site "Amsterdam NED"]
[Date "2007.08.23"]
[Round "2.4"]
[White "Karjakin, Sergey"]
[Black "Jussupow, Artur"]
[Result "1/2-1/2"]
[WhiteElo "2678"]
[BlackElo "2583"]
[PlyCount "75"]
[EventDate "2007.08.22"]
[EventType "schev"]
[EventRounds "10"]
[EventCountry "NED"]
[Source "lmi"]
[SourceDate "2007.08.22"]

1. e4 e5 2. Nf3 Nc6 3. Bb5 a6 4. Ba4 Nf6 5. O-O Nxe4 6. d4 b5 7. Bb3 d5 8. dxe5
Be6 9. Nbd2 Nc5 10. c3 Be7 11. Bc2 d4 12. Nb3 d3 13. Bb1 Nxb3 14. axb3 Bf5 15.
Be3 O-O 16. Nd4 Nxd4 17. cxd4 c5 18. Bxd3 cxd4 19. Bxd4 Qxd4 20. Bxf5 Bc5 21.
Qe2 Rae8 22. Rfe1 g6 23. Rad1 Qxf2+ 24. Qxf2 Bxf2+ 25. Kxf2 gxf5 26. Kf3 Re6
27. Kf4 f6 28. exf6 Rexf6 29. g3 Rg6 30. h3 Rh6 31. Rd7 Rxh3 32. Re6 Rh2 33.
Rxa6 Rf2+ 34. Ke3 Rxb2 35. Raa7 Rxb3+ 36. Kf2 Rb2+ 37. Kg1 Rc8 38. Rg7+ 1/2-1/2

[Event "NH Chess Toernament 2007 "]
[Site "Amsterdam NED"]
[Date "2007.08.24"]
[Round "3.1"]
[White "Beliavsky, Alexander G"]
[Black "Stellwagen, Daniel"]
[Result "0-1"]
[WhiteElo "2653"]
[BlackElo "2631"]
[PlyCount "92"]
[EventDate "2007.08.22"]
[EventType "schev"]
[EventRounds "10"]
[EventCountry "NED"]
[Source "lmi"]
[SourceDate "2007.08.22"]
[WhiteTeam "NL"]
[BlackTeam "Netherlands"]
[BlackTeamCountry "NED"]

1. d4 d5 2. c4 c6 3. Nf3 Nf6 4. Nc3 e6 5. Bg5 dxc4 6. e4 b5 7. e5 h6 8. Bh4 g5
9. Nxg5 hxg5 10. Bxg5 Nbd7 11. exf6 Qa5 12. g3 b4 13. Ne4 Ba6 14. Qf3 O-O-O 15.
Be3 c5 16. Bg2 cxd4 17. Bxd4 Ne5 18. Bxe5 Qxe5 19. O-O Rd3 20. Qg4 Bh6 21. Rad1
Rhd8 22. Rxd3 cxd3 23. f4 Qd4+ 24. Rf2 Bf8 25. Qf3 Bc5 26. Nxc5 Qxc5 27. Kh1 d2
28. Rf1 Rd5 29. Rd1 Qc1 30. h4 Bd3 31. Kh2 Bc2 32. Qf1 Qxd1 33. Qc4+ Kd8 34.
Qxb4 Qe2 35. Qb8+ Kd7 36. Qxa7+ Kc8 37. Qa8+ Kc7 38. Qa7+ Kc6 39. Qa8+ Kc7 40.
Qa7+ Kc6 41. Qa8+ Kb5 42. Qb7+ Ka5 43. Qc7+ Kb4 44. Qb6+ Qb5 45. Qa7 Qc5 46.
Qb7+ Kc4 0-1

[Event "NH Chess Toernament 2007 "]
[Site "Amsterdam NED"]
[Date "2007.08.25"]
[Round "4.4"]
[White "Smeets, Jan"]
[Black "Jussupow, Artur"]
[Result "0-1"]
[WhiteElo "2538"]
[BlackElo "2583"]
[PlyCount "80"]
[EventDate "2007.08.22"]
[EventType "schev"]
[EventRounds "10"]
[EventCountry "NED"]
[Source "lmi"]
[SourceDate "2007.08.22"]
[WhiteTeam "Netherlands"]
[BlackTeam "Germany"]
[WhiteTeamCountry "NED"]
[BlackTeamCountry "GER"]

1. e4 e5 2. Nf3 Nc6 3. Bb5 a6 4. Ba4 Nf6 5. O-O Nxe4 6. d4 b5 7. Bb3 d5 8. dxe5
Be6 9. Nbd2 Nc5 10. c3 Bg4 11. Re1 Nd3 12. Re3 Nxc1 13. Rxc1 Na5 14. Rd3 c6 15.
c4 Nxb3 16. axb3 Bf5 17. Rd4 Be6 18. cxd5 cxd5 19. Nf1 Rc8 20. Rxc8 Qxc8 21.
Ne3 Bc5 22. Rd3 Bxe3 23. Rxe3 O-O 24. Nd4 b4 25. Re1 Qc5 26. Qd2 Rc8 27. h3 a5
28. g4 Qb6 29. Kg2 Bd7 30. f4 a4 31. bxa4 h5 32. a5 Qxa5 33. f5 Qd8 34. Kg3 Rc4
35. gxh5 Qb6 36. Rd1 Ba4 37. f6 gxf6 38. Qh6 Bxd1 39. exf6 Qd6+ 40. Kf2 Qh2+
0-1

[Event "NH Chess Toernament 2007 "]
[Site "Amsterdam NED"]
[Date "2007.08.26"]
[Round "5.1"]
[White "Beliavsky, Alexander G"]
[Black "Karjakin, Sergey"]
[Result "1/2-1/2"]
[WhiteElo "2653"]
[BlackElo "2678"]
[PlyCount "118"]
[EventDate "2007.08.22"]
[EventType "schev"]
[EventRounds "10"]
[EventCountry "NED"]
[Source "lmi"]
[SourceDate "2007.08.22"]
[WhiteTeam "NL"]
[BlackTeam "Ukraine"]
[BlackTeamCountry "UKR"]

1. d4 d5 2. c4 c6 3. Nf3 Nf6 4. Nc3 e6 5. Bg5 h6 6. Bxf6 Qxf6 7. e3 Nd7 8. Bd3
dxc4 9. Bxc4 g6 10. O-O Bg7 11. Rc1 O-O 12. Bb3 Qe7 13. Na4 Rd8 14. Qc2 Nb6 15.
Nc5 Nd7 16. Nd3 Nf6 17. Rfe1 Bd7 18. e4 b6 19. Nde5 Rac8 20. Nxd7 Nxd7 21. e5
c5 22. d5 exd5 23. Bxd5 Nf8 24. Qe4 Ne6 25. a4 h5 26. g3 Bh6 27. Rcd1 Kg7 28.
Nh4 Nd4 29. Bc4 Bg5 30. Ng2 Qd7 31. h4 Bh6 32. b3 Qg4 33. Rd3 Bd2 34. Qxg4 hxg4
35. Re4 Nf3+ 36. Kh1 Rxd3 37. Bxd3 Rd8 38. Be2 Rd4 39. Rxd4 cxd4 40. Nf4 Bxf4
41. gxf4 a5 42. Kg2 Nd2 43. Bxg4 Nxb3 44. f5 gxf5 45. Bxf5 Nc5 46. Kf3 Kh6 47.
Bc2 Kh5 48. Kg3 d3 49. Bd1+ Kg6 50. Kf4 b5 51. axb5 a4 52. Bxa4 Nxa4 53. Ke3
Nc3 54. b6 Nd5+ 55. Kxd3 Nxb6 56. Ke4 Nd7 57. h5+ Kg7 58. Kf5 Nc5 59. h6+ Kxh6
1/2-1/2

[Event "NH Chess Toernament 2007 "]
[Site "Amsterdam NED"]
[Date "2007.08.28"]
[Round "6.5"]
[White "Karjakin, Sergey"]
[Black "Ljubojevic, Ljubomir"]
[Result "1-0"]
[WhiteElo "2678"]
[BlackElo "2550"]
[PlyCount "87"]
[EventDate "2007.08.22"]
[EventType "schev"]
[EventRounds "10"]
[EventCountry "NED"]
[Source "lmi"]
[SourceDate "2007.08.22"]

1. e4 c5 2. Nf3 Nc6 3. d4 cxd4 4. Nxd4 g6 5. Nc3 Bg7 6. Be3 Nf6 7. Bc4 Qa5 8.
O-O O-O 9. Bb3 d6 10. h3 Bd7 11. f4 b5 12. a3 b4 13. axb4 Qxb4 14. Ra4 Qb7 15.
Nf3 Nb4 16. e5 dxe5 17. Rxb4 Qxb4 18. fxe5 Bc6 19. exf6 Bxf6 20. Bh6 Bg7 21.
Bxg7 Kxg7 22. Qd4+ Qxd4+ 23. Nxd4 Bb7 24. Ra1 Rfd8 25. Nf3 a5 26. Kf2 e5 27. g4
f6 28. Ke3 Bc6 29. g5 fxg5 30. Nxg5 Rd7 31. Ne6+ Kh6 32. Rg1 Rf7 33. Ne4 Rb8
34. Rg4 Rf4 35. Nxf4 exf4+ 36. Rxf4 a4 37. Bc4 Rxb2 38. Kd3 a3 39. Kc3 Rb1 40.
Nd6 Kg5 41. Rd4 Rh1 42. h4+ Kf6 43. Ne4+ Ke5 44. Nf2 1-0

[Event "NH Chess Toernament 2007 "]
[Site "Amsterdam NED"]
[Date "2007.08.29"]
[Round "7.1"]
[White "Beliavsky, Alexander G"]
[Black "Smeets, Jan"]
[Result "1/2-1/2"]
[WhiteElo "2653"]
[BlackElo "2538"]
[PlyCount "71"]
[EventDate "2007.08.22"]
[EventType "schev"]
[EventRounds "10"]
[EventCountry "NED"]
[Source "lmi"]
[SourceDate "2007.08.22"]

1. d4 d5 2. c4 c6 3. Nf3 Nf6 4. Nc3 e6 5. Bg5 dxc4 6. e4 b5 7. e5 h6 8. Bh4 g5
9. Nxg5 hxg5 10. Bxg5 Nbd7 11. exf6 Bb7 12. g3 Qb6 13. Bg2 O-O-O 14. O-O c5 15.
d5 b4 16. Na4 Qb5 17. a3 exd5 18. axb4 cxb4 19. Qg4 d4 20. Bxb7+ Kxb7 21. Qe4+
Qc6 22. Qxd4 Bd6 23. Rfe1 Rhe8 24. Rxe8 Rxe8 25. Be3 Bb8 26. Qxd7+ Qxd7 27.
Nc5+ Kc8 28. Nxd7 Kxd7 29. Ra4 Bd6 30. Rxa7+ Kc6 31. Ra6+ Kd5 32. Kf1 b3 33.
Ra5+ Kc6 34. Ra6+ Kd5 35. Ra5+ Kc6 36. Ra6+ 1/2-1/2

[Event "NH Chess Toernament 2007 "]
[Site "Amsterdam NED"]
[Date "2007.08.29"]
[Round "7.4"]
[White "Jussupow, Artur"]
[Black "Karjakin, Sergey"]
[Result "0-1"]
[WhiteElo "2583"]
[BlackElo "2678"]
[PlyCount "86"]
[EventDate "2007.08.22"]
[EventType "schev"]
[EventRounds "10"]
[EventCountry "NED"]
[Source "lmi"]
[SourceDate "2007.08.22"]

1. d4 d5 2. Nf3 Nf6 3. e3 c5 4. c3 Nc6 5. Nbd2 cxd4 6. exd4 Bf5 7. Nh4 Bg4 8.
Be2 Bxe2 9. Qxe2 e6 10. Nb3 Qc7 11. g3 O-O-O 12. Bf4 Bd6 13. Bxd6 Qxd6 14.
O-O-O Qc7 15. Nf3 Ne4 16. Kb1 Rhe8 17. Nfd2 Nd6 18. Rhe1 f6 19. Qh5 g6 20. Qf3
Qf7 21. Nf1 g5 22. Ne3 h5 23. Nc5 b6 24. Nd3 Kb7 25. Ka1 a5 26. Rc1 e5 27. dxe5
fxe5 28. Qxf7+ Nxf7 29. Rcd1 g4 30. Nc1 d4 31. cxd4 exd4 32. Nc2 Nfe5 33. Re4
Nf3 34. Rxe8 Rxe8 35. Kb1 Re4 36. Nd3 Nce5 37. Nxe5 Rxe5 38. Kc1 Re4 39. Rd3
Kc6 40. Kd1 b5 41. b3 b4 42. Kc1 Kc5 43. Kd1 Re5 0-1

[Event "NH Chess Toernament 2007 "]
[Site "Amsterdam NED"]
[Date "2007.08.30"]
[Round "8.5"]
[White "Smeets, Jan"]
[Black "Ljubojevic, Ljubomir"]
[Result "1-0"]
[WhiteElo "2538"]
[BlackElo "2550"]
[PlyCount "101"]
[EventDate "2007.08.22"]
[EventType "schev"]
[EventRounds "10"]
[EventCountry "NED"]
[Source "lmi"]
[SourceDate "2007.08.22"]

1. e4 e5 2. Nf3 Nc6 3. Bb5 Nf6 4. O-O Nxe4 5. d4 Nd6 6. Bxc6 dxc6 7. dxe5 Nf5
8. Qxd8+ Kxd8 9. Nc3 h6 10. b3 Bd7 11. Bb2 Kc8 12. Rad1 a5 13. a4 Bb4 14. Ne4
b6 15. h3 h5 16. Nfg5 Be8 17. g4 Nh6 18. f3 Be7 19. Kg2 c5 20. Kg3 Bc6 21. f4
Rg8 22. Rfe1 Kb7 23. f5 hxg4 24. hxg4 f6 25. Ne6 g6 26. exf6 gxf5 27. fxe7 Bxe4
28. g5 Nf7 29. Bf6 Nd6 30. Nd8+ Kc8 31. Rd2 Kd7 32. c4 Re8 33. Nf7 Ke6 34. Nxd6
cxd6 35. Red1 d5 36. cxd5+ Kd6 37. Kf4 Rac8 38. Rc1 Rg8 39. Rc3 Rce8 40. Rg3
Rc8 41. g6 c4 42. g7 c3 43. Bxc3 Kxe7 44. d6+ Kd7 45. Rh3 Rc5 46. Rh8 Rcc8 47.
Bf6 Rge8 48. Rxe8 Rxe8 49. Be7 Rg8 50. Bf8 Bb1 51. Rh2 1-0

[Event "NH Chess Toernament 2007 "]
[Site "Amsterdam NED"]
[Date "2007.08.31"]
[Round "9.1"]
[White "Beliavsky, Alexander G"]
[Black "Cheparinov, Ivan"]
[Result "0-1"]
[WhiteElo "2653"]
[BlackElo "2657"]
[PlyCount "104"]
[EventDate "2007.08.22"]
[EventType "schev"]
[EventRounds "10"]
[EventCountry "NED"]
[Source "lmi"]
[SourceDate "2007.08.22"]

1. d4 d5 2. c4 c6 3. Nf3 Nf6 4. Nc3 e6 5. e3 Nbd7 6. Qc2 Bd6 7. Bd3 O-O 8. O-O
dxc4 9. Bxc4 a6 10. a3 c5 11. dxc5 Bxc5 12. b4 Be7 13. Bb2 b5 14. Be2 Bb7 15.
a4 a5 16. Nxb5 axb4 17. Rfd1 Rc8 18. Qb1 Be4 19. Bd3 Bxf3 20. gxf3 Rc5 21. f4
Qa8 22. Bf1 e5 23. Bg2 Qb8 24. fxe5 Nxe5 25. Bxe5 Rxe5 26. Nd4 Rg5 27. f4 Rg6
28. Qc2 Rc8 29. Nc6 Rxc6 30. Qxc6 Ng4 31. Qf3 Bc5 32. Rd3 Nxe3 33. Rxe3 Re6 34.
Rae1 b3 35. Bh3 Bxe3+ 36. Rxe3 b2 37. Bf5 b1=Q+ 38. Bxb1 Qxb1+ 39. Kf2 Qc2+ 40.
Qe2 Qc5 41. Qd3 h6 42. Qc3 Qa7 43. Qc8+ Kh7 44. Qc2+ g6 45. Qd3 Ra6 46. Qd5 Ra5
47. Qc6 Rxa4 48. Kf3 Qd4 49. Qc7 Qd5+ 50. Kg3 Ra1 51. Re5 Rg1+ 52. Kh4 g5+ 0-1

[Event "NH Chess Toernament 2007 "]
[Site "Amsterdam NED"]
[Date "2007.09.01"]
[Round "10.1"]
[White "Cheparinov, Ivan"]
[Black "Ljubojevic, Ljubomir"]
[Result "1/2-1/2"]
[WhiteElo "2657"]
[BlackElo "2550"]
[PlyCount "131"]
[EventDate "2007.08.22"]
[EventType "schev"]
[EventRounds "10"]
[EventCountry "NED"]
[Source "lmi"]
[SourceDate "2007.08.22"]

1. e4 e6 2. d4 d5 3. Nc3 dxe4 4. Nxe4 Nd7 5. Bd3 Ngf6 6. Qe2 c5 7. Nf3 cxd4 8.
O-O a6 9. Neg5 Qb6 10. Re1 h6 11. Nxe6 fxe6 12. Bf4 Kd8 13. c3 dxc3 14. bxc3
Nd5 15. Bg3 Bc5 16. Bc4 Qc6 17. Bxd5 Qxd5 18. Ne5 Nxe5 19. Rad1 Nd7 20. Rxd5
exd5 21. Qe6 a5 22. Qxd5 Ra6 23. Rd1 Rc6 24. Qe5 Rg8 25. h4 g6 26. Bf4 Re8 27.
Qg7 h5 28. Qh6 Be7 29. Bg3 Rf8 30. Qe3 Rff6 31. Qe5 b6 32. Qd5 Ke8 33. Re1 Kf8
34. Bf4 Nc5 35. Bh6+ Ke8 36. Qg8+ Kd7 37. Bg5 Rfe6 38. Rd1+ Rcd6 39. Rxd6+ Rxd6
40. Bxe7 Kxe7 41. Qxc8 Nd7 42. Qg8 Rf6 43. f3 Ne5 44. Qd5 Re6 45. Kf2 Nd7 46.
Kg3 Rf6 47. Kf2 Re6 48. g4 hxg4 49. fxg4 Nf6 50. Qb7+ Nd7 51. Kf3 Rc6 52. Kf4
Rxc3 53. Qe4+ Kf7 54. Kg5 Rc5+ 55. Kh6 Ne5 56. Qb7+ Kf8 57. Qxb6 Nxg4+ 58. Kxg6
Rc6+ 59. Qxc6 Ne5+ 60. Kf6 Nxc6 61. Ke6 Nb4 62. a4 Nd3 63. Kd5 Nb2 64. Kc5
Nxa4+ 65. Kb5 Nb6 66. Kxa5 1/2-1/2

[Event "NH Chess Toernament 2007 "]
[Site "Amsterdam NED"]
[Date "2007.09.01"]
[Round "10.5"]
[White "Stellwagen, Daniel"]
[Black "Jussupow, Artur"]
[Result "1-0"]
[WhiteElo "2631"]
[BlackElo "2583"]
[PlyCount "63"]
[EventDate "2007.08.22"]
[EventType "schev"]
[EventRounds "10"]
[EventCountry "NED"]
[Source "lmi"]
[SourceDate "2007.08.22"]

1. e4 e5 2. Nf3 Nc6 3. Bb5 a6 4. Ba4 d6 5. Bxc6+ bxc6 6. d4 f6 7. O-O Ne7 8. c4
Ng6 9. Be3 Be7 10. c5 d5 11. Qa4 Bd7 12. Rd1 O-O 13. Nc3 Kh8 14. dxe5 fxe5 15.
exd5 cxd5 16. c6 Be6 17. Nxd5 Bxd5 18. Qa5 e4 19. Rxd5 Qb8 20. Nd4 Qxb2 21. Rf1
Bd6 22. Ne6 Rf7 23. Bd4 Qc2 24. Rf5 Re7 25. Qd5 Rb8 26. Nxg7 Rxg7 27. Rf7 Rbg8
28. Rxg7 Rxg7 29. Qf7 Bf8 30. h4 Qd3 31. Bf6 Qb5 32. Rd1 1-0